| 000 | 00371nam a2200157 4500 | ||
|---|---|---|---|
| 005 | 20260519131057.0 | ||
| 008 | 260428b |||||||| |||| 00| 0 eng d | ||
| 020 | _a9780205309023 | ||
| 082 |
_a808.042 _bSTR-T |
||
| 100 | _aStrunk Oliver | ||
| 245 | _aThe Elements Of Style | ||
| 260 |
_aNew York _bMacmillan |
||
| 300 | _a109p | ||
| 650 | _aEnglish | ||
| 942 | _cBK | ||
| 999 |
_c47415 _d47415 |
||